<?xml version="1.0" encoding="UTF-8"?>
<record
    xmlns:xsi="http://www.w3.org/2001/XMLSchema-instance"
    xsi:schemaLocation="http://www.loc.gov/MARC21/slim http://www.loc.gov/standards/marcxml/schema/MARC21slim.xsd"
    xmlns="http://www.loc.gov/MARC21/slim">

  <leader>01067nam a22002175i 4500</leader>
  <controlfield tag="001">103076</controlfield>
  <controlfield tag="003">ES-MaACL</controlfield>
  <controlfield tag="005">20230906183249.0</controlfield>
  <controlfield tag="007">t|</controlfield>
  <controlfield tag="008">060110s1785    sp           ||||1| spa d</controlfield>
  <datafield tag="040" ind1=" " ind2=" ">
    <subfield code="a">CAT </subfield>
    <subfield code="b">spa </subfield>
    <subfield code="c">CAT </subfield>
    <subfield code="d">CCPB</subfield>
  </datafield>
  <datafield tag="080" ind1=" " ind2=" ">
    <subfield code="a">616.912-084.47"17"</subfield>
  </datafield>
  <datafield tag="100" ind1="1" ind2=" ">
    <subfield code="a">Men&#xF3;s y de Llena, Jaime.</subfield>
    <subfield code="9">80376</subfield>
  </datafield>
  <datafield tag="245" ind1="1" ind2="0">
    <subfield code="a">Memoria contra la inoculacion </subfield>
    <subfield code="b">: sacada de las dudas i disputas entre los autores excitadas a cerca la utilidad o da&#xF1;os causados por la inoculacion de las viruelas y comprobada por el desenga&#xF1;o / </subfield>
    <subfield code="c">que da al p&#xFA;blico el doctor don Jaime Men&#xF3;s i de Llena ...</subfield>
  </datafield>
  <datafield tag="260" ind1=" " ind2=" ">
    <subfield code="a">Manresa : </subfield>
    <subfield code="b">por Ignacio Abadal ..., i se hallar&#xE1; en Madrid en la libreria de Valentin Franc&#xE8;s Caballero ..., Barcelona en la de Francisco Ribas ...,</subfield>
    <subfield code="c">[1785?]</subfield>
  </datafield>
  <datafield tag="300" ind1=" " ind2=" ">
    <subfield code="a">52 p. ; </subfield>
    <subfield code="c">4&#xBA; (21 cm)</subfield>
  </datafield>
  <datafield tag="500" ind1=" " ind2=" ">
    <subfield code="a">Fecha de la licencia: 27 Noviembre de 1785.</subfield>
  </datafield>
  <datafield tag="510" ind1="4" ind2=" ">
    <subfield code="a">Palau 164.591 o 164.592, Torres Amat 415</subfield>
  </datafield>
  <datafield tag="650" ind1="1" ind2="4">
    <subfield code="a">Viruela-</subfield>
    <subfield code="x">Vacunaci&#xF3;n-</subfield>
    <subfield code="v">Obras anteriores a 1800.</subfield>
    <subfield code="9">17832</subfield>
  </datafield>
  <datafield tag="852" ind1=" " ind2=" ">
    <subfield code="a">ES-MaACL</subfield>
    <subfield code="j">R-3431(14) </subfield>
  </datafield>
  <datafield tag="999" ind1=" " ind2=" ">
    <subfield code="c">103076</subfield>
    <subfield code="d">103076</subfield>
  </datafield>
  <datafield tag="952" ind1=" " ind2=" ">
    <subfield code="0">0</subfield>
    <subfield code="1">0</subfield>
    <subfield code="4">0</subfield>
    <subfield code="7">0</subfield>
    <subfield code="8">LIBXVIII</subfield>
    <subfield code="a">ATENEOM</subfield>
    <subfield code="b">ATENEOM</subfield>
    <subfield code="c">DEPO</subfield>
    <subfield code="d">2008-01-17</subfield>
    <subfield code="e">SC</subfield>
    <subfield code="l">0</subfield>
    <subfield code="o">R-3431(14)</subfield>
    <subfield code="p">1107635</subfield>
    <subfield code="r">2023-02-23 00:00:00</subfield>
    <subfield code="w">2023-02-23</subfield>
    <subfield code="y">MONANT</subfield>
  </datafield>
</record>
